[Event "HUN-chT2 Breyer 1213"]
[Site "Hungary"]
[Date "2013.03.03"]
[Round "8.6"]
[White "Florian, Mark"]
[Black "Papp, Gabor1111"]
[Result "1/2-1/2"]
[WhiteElo "1917"]
[BlackElo "1887"]
[PlyCount "37"]
[EventDate "2012.09.16"]
[EventType "team-tourn"]
[EventRounds "11"]
[EventCountry "HUN"]
[SourceTitle "EXT 2014"]
[Source "ChessBase"]
[SourceDate "2013.11.20"]
[SourceVersion "1"]
[SourceVersionDate "2013.11.20"]
[SourceQuality "1"]
[WhiteTeam "Zoltek"]
[BlackTeam "Gyor Komszomol"]
[WhiteTeamCountry "HUN"]
[BlackTeamCountry "HUN"]

1. f4 d5 2. b3 Nf6 3. Bb2 Nc6 4. Nf3 b6 5. e3 a6 6. Ne5 Bb7 7. c4 e6 8. Be2 Ne4 9. 0-0 Nxe5 10. fxe5 Qd7 11. Bf3 dxc4 12. bxc4 Bb4 13. Nc3 Bxc3 14. Bxe4 Bxb2 15. Bxb7 Ra7 16. Rb1 Bxe5 17. Qf3 0-0 18. d4 Bd6 19. Bc6 1/2-1/2

[Event "HUN-chT2 Breyer 1213"]
[Site "Hungary"]
[Date "2012.09.16"]
[Round "1.7"]
[White "Feher, Attila"]
[Black "Florian, Mark"]
[Result "1-0"]
[WhiteElo "2129"]
[BlackElo "1917"]
[PlyCount "43"]
[EventDate "2012.09.16"]
[EventType "team-tourn"]
[EventRounds "11"]
[EventCountry "HUN"]
[SourceTitle "EXT 2014"]
[Source "ChessBase"]
[SourceDate "2013.11.20"]
[SourceVersion "1"]
[SourceVersionDate "2013.11.20"]
[SourceQuality "1"]
[WhiteTeam "Torokbalint"]
[BlackTeam "Zoltek"]
[WhiteTeamCountry "HUN"]
[BlackTeamCountry "HUN"]

1. d4 f5 2. g4 e6 3. g5 b6 4. Bg2 d5 5. c4 Bb4+ 6. Nc3 c6 7. Nf3 Nd7 8. Qa4 Bxc3+ 9. bxc3 Bb7 10. h4 Ne7 11. h5 a6 12. cxd5 exd5 13. Bf4 c5 14. dxc5 bxc5 15. Ne5 0-0 16. Qxd7 Qa5 17. Rc1 d4 18. Qe6+ Kh8 19. Ng6+ Nxg6 20. hxg6 h6 21. Rxh6+ gxh6 22. Be5+ 1-0

[Event "HUN-chT2 Breyer 1112"]
[Site "Hungary"]
[Date "2011.10.30"]
[Round "2.9"]
[White "Pregun, Balint"]
[Black "Florian, Mark"]
[Result "0-1"]
[WhiteElo "1929"]
[BlackElo "1919"]
[PlyCount "82"]
[EventDate "2011.09.25"]
[EventType "team-tourn"]
[EventRounds "11"]
[EventCountry "HUN"]
[SourceTitle "EXT 2013"]
[Source "ChessBase"]
[SourceDate "2012.11.22"]
[SourceVersion "1"]
[SourceVersionDate "2012.11.22"]
[SourceQuality "1"]
[WhiteTeam "Geniusz Tata"]
[BlackTeam "Zoltek"]
[WhiteTeamCountry "HUN"]
[BlackTeamCountry "HUN"]

1. e4 e5 2. Nf3 Nc6 3. Bb5 Nf6 4. 0-0 d6 5. d4 exd4 6. Nxd4 Bd7 7. Nc3 Be7 8. Bxc6 Bxc6 9. Nxc6 bxc6 10. Qf3 Qd7 11. Bg5 0-0 12. Rad1 h6 13. Bh4 g5 14. e5 Nd5 15. Nxd5 cxd5 16. exd6 Bxd6 17. Bg3 c6 18. c4 Bxg3 19. Qxg3 d4 20. Qe5 Rad8 21. f4 Rfe8 22. Qf6 Re6 23. Qf5 Re2 24. Qf6 Qd6 25. fxg5 Qxf6 26. Rxf6 hxg5 27. Rf2 Rxf2 28. Kxf2 c5 29. Ke2 Re8+ 30. Kd2 f5 31. g3 Kf7 32. Rf1 Kf6 33. Rf3 Re4 34. a3 a5 35. Rb3 f4 36. g4 Re3 37. Rb8 f3 38. Rf8+ Ke5 39. Rf5+ Ke4 40. Rf7 Re2+ 41. Kd1 Rxh2 0-1

[Event "HUN-chT2 Breyer 0809"]
[Site "Hungary"]
[Date "2008.12.21"]
[Round "4"]
[White "Florian, Mark"]
[Black "Sarok, Peter"]
[Result "0-1"]
[WhiteElo "1956"]
[BlackElo "2183"]
[PlyCount "68"]
[EventDate "2008.10.26"]
[EventType "team-tourn"]
[EventRounds "11"]
[EventCountry "HUN"]
[SourceTitle "EXT 2010"]
[Source "ChessBase"]
[SourceDate "2010.11.25"]
[SourceVersion "1"]
[SourceVersionDate "2010.11.25"]
[SourceQuality "1"]
[WhiteTeam "Esztergom"]
[BlackTeam "Kisber Aszar"]
[WhiteTeamCountry "HUN"]
[BlackTeamCountry "HUN"]

1. f4 g6 2. Nf3 Bg7 3. e3 Nf6 4. b3 Ne4 5. d4 0-0 6. Bd3 d5 7. Bb2 c5 8. Nbd2 Qa5 9. Bxe4 dxe4 10. Ng5 cxd4 11. 0-0 f5 12. Nc4 Qc7 13. Bxd4 Rd8 14. c3 Nc6 15. Qe2 h6 16. Nh3 b6 17. Rad1 Ba6 18. Bxg7 Kxg7 19. Rxd8 Rxd8 20. Rd1 Bxc4 21. bxc4 Na5 22. Rxd8 Qxd8 23. c5 bxc5 24. Nf2 Qd5 25. g4 Nc4 26. h4 Nd2 27. h5 Nf3+ 28. Kg2 fxg4 29. hxg6 Qh5 30. Qd1 Qh2+ 31. Kf1 g3 32. Ng4 g2+ 33. Ke2 g1Q+ 34. Nxh2 Qg2# 0-1

[Event "HUN-chT2 Breyer 0809"]
[Site "Hungary"]
[Date "2008.10.26"]
[Round "1"]
[White "Florian, Mark"]
[Black "Horvath, Rudolf"]
[Result "1/2-1/2"]
[WhiteElo "1956"]
[BlackElo "1951"]
[PlyCount "67"]
[EventDate "2008.10.26"]
[EventType "team-tourn"]
[EventRounds "11"]
[EventCountry "HUN"]
[SourceTitle "EXT 2010"]
[Source "ChessBase"]
[SourceDate "2010.11.25"]
[SourceVersion "1"]
[SourceVersionDate "2010.11.25"]
[SourceQuality "1"]
[WhiteTeam "Esztergom"]
[BlackTeam "Balatonfuered"]
[WhiteTeamCountry "HUN"]
[BlackTeamCountry "HUN"]

1. f4 d5 2. Nf3 c5 3. e3 e6 4. b3 Nf6 5. Bb2 Nbd7 6. Bb5 a6 7. Bxd7+ Bxd7 8. d3 Qb6 9. c4 Bd6 10. Ne5 d4 11. Nxd7 Kxd7 12. exd4 Bxf4 13. dxc5 Qxc5 14. d4 Qg5 15. Qf3 Kc7 16. g3 Bc1 17. h4 Qe3+ 18. Qxe3 Bxe3 19. Ke2 Ng4 20. Nd2 Rad8 21. Nf3 h5 22. Rad1 Bf2 23. Ne5 Bxg3 24. Nxg4 hxg4 25. Rdg1 Bf4 26. Rxg4 Bh6 27. Rf1 f6 28. Bc1 f5 29. Rg6 Rxd4 30. Bxh6 gxh6 31. Rxe6 Rxh4 32. Rxf5 Rd8 33. Rc5+ Kb8 34. Re7 1/2-1/2

[Event "HUN-chT2 Breyer 0708"]
[Site "Hungary"]
[Date "2007.12.09"]
[Round "4"]
[White "Kardon, Zoltan"]
[Black "Florian, Mark"]
[Result "1-0"]
[WhiteElo "2213"]
[BlackElo "1991"]
[PlyCount "59"]
[EventDate "2007.10.14"]
[EventType "team"]
[EventRounds "11"]
[EventCountry "HUN"]
[SourceTitle "EXT 2009"]
[Source "ChessBase"]
[SourceDate "2008.11.26"]
[SourceVersion "1"]
[SourceVersionDate "2008.11.26"]
[SourceQuality "1"]
[WhiteTeam "Hobagoly"]
[BlackTeam "Esztergom"]
[WhiteTeamCountry "HUN"]
[BlackTeamCountry "HUN"]

1. d4 e6 2. c4 d5 3. Nc3 Nf6 4. Bg5 Be7 5. e3 0-0 6. Nf3 b6 7. cxd5 Nxd5 8. Bxe7 Qxe7 9. Bd3 Bb7 10. 0-0 Nd7 11. Rc1 c5 12. Qe2 e5 13. dxe5 Nxe5 14. Nxe5 Qxe5 15. a3 Rfd8 16. Rfd1 Qg5 17. Ne4 Qe5 18. Ng3 a6 19. Rc4 Rd6 20. Re4 Qf6 21. Rg4 g6 22. Ne4 Qe6 23. Nxd6 Qxd6 24. Bc4 Qe5 25. h4 Nf6 26. Rf4 b5 27. Bxf7+ Kxf7 28. Rd7+ Ke6 29. Rxb7 Qd5 30. Rb6+ 1-0

[Event "HUN-chT2 Breyer 0607"]
[Site "Hungary"]
[Date "2007.03.25"]
[Round "7"]
[White "Farkas, Balint"]
[Black "Florian, Mark"]
[Result "0-1"]
[WhiteElo "2083"]
[BlackElo "1978"]
[PlyCount "70"]
[EventDate "2006.11.12"]
[EventType "team"]
[EventRounds "11"]
[EventCountry "HUN"]
[SourceTitle "EXT 2008"]
[Source "ChessBase"]
[SourceDate "2007.11.25"]
[SourceVersion "1"]
[SourceVersionDate "2007.11.25"]
[SourceQuality "1"]
[WhiteTeam "Geniusz Tata"]
[BlackTeam "Esztergom"]
[WhiteTeamCountry "HUN"]
[BlackTeamCountry "HUN"]

1. d4 e6 2. Nf3 d5 3. g3 Nf6 4. Bg5 c5 5. c3 Nc6 6. Bxf6 Qxf6 7. e3 Bd6 8. Bg2 b6 9. 0-0 Bb7 10. Nbd2 h5 11. h4 Qe7 12. e4 0-0-0 13. e5 Bc7 14. Re1 Kb8 15. Bh3 Bc8 16. Qa4 Bd7 17. Qa3 f6 18. exf6 gxf6 19. dxc5 bxc5 20. Nb3 Bd6 21. Qa6 Rhg8 22. Bxe6 Bxe6 23. Qxc6 Qd7 24. Qxd7 Bxd7 25. Re3 f5 26. Ne5 f4 27. Ree1 fxg3 28. fxg3 Rxg3+ 29. Kf2 Rh3 30. Nxd7+ Rxd7 31. Rh1 Rf7+ 32. Ke2 Re7+ 33. Kf2 Rhe3 34. Rad1 Re2+ 35. Kf3 R7e3# 0-1

[Event "HUN-chT2 Breyer 0607"]
[Site "Hungary"]
[Date "2006.11.12"]
[Round "1"]
[White "Florian, Mark"]
[Black "Revi, Zoltan Szabolcs"]
[Result "1/2-1/2"]
[WhiteElo "1978"]
[BlackElo "1878"]
[PlyCount "99"]
[EventDate "2006.11.12"]
[EventType "team"]
[EventRounds "11"]
[EventCountry "HUN"]
[SourceTitle "EXT 2008"]
[Source "ChessBase"]
[SourceDate "2007.11.25"]
[SourceVersion "1"]
[SourceVersionDate "2007.11.25"]
[SourceQuality "1"]
[WhiteTeam "Esztergom"]
[BlackTeam "Vertesi Eromu"]
[WhiteTeamCountry "HUN"]
[BlackTeamCountry "HUN"]

1. f4 d5 2. b3 Nf6 3. Nf3 e6 4. e3 Bd6 5. Bb2 c5 6. Bb5+ Bd7 7. Qe2 a6 8. Bxd7+ Nbxd7 9. 0-0 Qc7 10. d4 Rc8 11. c3 0-0 12. Ne5 Ne4 13. Nd2 cxd4 14. Nxe4 d3 15. Nxd3 dxe4 16. Nf2 f5 17. Rad1 Nb6 18. Nh3 Bc5 19. c4 h6 20. Kf2 Nd7 21. Qd2 Nf6 22. Bxf6 Rxf6 23. Qd7 Qxd7 24. Rxd7 Rf7 25. Rfd1 Re8 26. Ke2 Kf8 27. Nf2 Rxd7 28. Rxd7 Re7 29. Rd8+ Kf7 30. Nd1 Kf6 31. g3 b6 32. Nc3 Bb4 33. Na4 b5 34. cxb5 axb5 35. Nb6 Kg6 36. Nd7 Ba5 37. Ne5+ Kh7 38. Rd7 Rxd7 39. Nxd7 Kg6 40. a4 bxa4 41. bxa4 Kf7 42. Ne5+ Ke8 43. Nc6 Bc7 44. Kd2 Kd7 45. Nd4 g6 46. Nb5 Ba5+ 47. Kc2 Kc6 48. Nd4+ Kd5 49. Kb3 Bd2 50. Nc2 1/2-1/2